Postaw na milion 123 - Statystyki

Ogólne statystyki
  • Ten quiz został rozwiązany 16 razy
  • Średni wynik to 5 z 12
Statystyki odpowiedzi
Zagadnienie Odpowiedź % Poprawnych
Flaga którego kraju wygląda jak odwrócona flaga Polski? Indonezji
100%
Zwyczajowa nazwa obszaru Atlantyku w rejonie Bermudów, gdzie zdaniem miłośników sensacji, dochodzi do niewyjaśnionych zaginięć statków i samolotów to: trójkąt bermudzki
94%
W styczniu 2016 roku po wielu latach fani serialu doczekali się nowych odcinków "Z Archiwum X", którego bohaterami jest para bohaterów: Mulder i Scully
63%
Najmniejsza odległość dzieli od Antarktydy: Amerykę Południową
50%
Gwałtowny, suchy i gorący wiatr południowy, wywołujący burze piaskowe na Półwyspie Arabskim i w Afryce Północnej to: chamsin
50%
Kto namalował "Śpiącego Mietka" i "Śpiącego Stasia"? Stanisław Wyspiański
38%
W tym samym roku, w którym w Londynie otwarto pierwszą linię metra, na polskiej ziemi wybuchło powstanie. Które? styczniowe
31%
Adrenalina to hormon i neuroprzekaźnik, który jest wytwarzany głównie w: nadnerczach
25%
W 2016 roku międzynarodowa unia naukowa potwierdziła odkrycie Ununtrium, Ununpentium, Ununseptium i Ununoctium. Są to 4 nowe: pierwiastki chemiczne
25%
Który z tych słynnych amatorów kawy nie pił espresso? Honoré de Balzac
13%
Najlepszym na świecie miastem do życia w 2015 roku według rankingu Safe Cities Index magazynu "The Economist", jest: Toronto
13%
Forbes ogłosił listę 10 najbardziej przepłacanych gwiazd Hollywood 2015 roku. Na pierwszym miejscu znalazł się Johnny Depp. A na drugim? Denzel Washington
6%
Nie znaleziono quizów pasujących do podanych kryteriów
Rozkład punktacji
Procent ludzi z każdym wynikiem
Percentyl według liczby udzielonych odpowiedzi
Twoja historia wyników
Nie rozwiązałeś tego quizu